| 000 | 00843nam a2200265 a 4500 | ||
|---|---|---|---|
| 001 | 000039248 | ||
| 003 | DO-SdBNP | ||
| 005 | 20180209121855.0 | ||
| 007 | 000039248 | ||
| 008 | 100512s2007 dr 000 j spa d | ||
| 040 |
_aBPMSU _bspa _cBPMSU |
||
| 092 |
_aRD863.5 _bM828e, 2007 |
||
| 100 | 1 |
_aMorales, Jesús, _d1980- |
|
| 245 | 1 | 0 |
_aError por una letra : _bcuentos, historietas y otras vainas / _cJesús Morales. |
| 250 | _a3a. ed. | ||
| 260 |
_aSanto Domingo : _bCentenario, _c2007 |
||
| 300 |
_a102 p. ; _c21 cm. |
||
| 500 | _aIncluye datos biográficos del autor en la solapa de la cubierta | ||
| 650 | 4 | _aCUENTOS DOMINICANOS | |
| 650 | 4 | _aLITERATURA DOMINICANA | |
| 910 | _aValidado. Control de calidad MFF | ||
| 942 |
_2ddc _cBK |
||
| 945 | _aRemanejado a la BNPHU / 2018 VM | ||
| 956 |
_aVMATEO _b10 _c20151002 _lBPMSU _h00151 |
||
| 999 |
_c11056 _d11056 |
||